<?xml version="1.0" encoding="UTF-8"?><?xml-stylesheet type="text/xsl" href="static/style.xsl"?><OAI-PMH xmlns="http://www.openarchives.org/OAI/2.0/" xmlns:xsi="http://www.w3.org/2001/XMLSchema-instance" xsi:schemaLocation="http://www.openarchives.org/OAI/2.0/ http://www.openarchives.org/OAI/2.0/OAI-PMH.xsd"><responseDate>2026-04-17T07:41:53Z</responseDate><request verb="GetRecord" identifier="oai:www.recercat.cat:2072/472067" metadataPrefix="marc">https://recercat.cat/oai/request</request><GetRecord><record><header><identifier>oai:recercat.cat:2072/472067</identifier><datestamp>2025-07-29T22:21:22Z</datestamp><setSpec>com_2072_98</setSpec><setSpec>col_2072_378192</setSpec></header><metadata><record xmlns="http://www.loc.gov/MARC21/slim" xmlns:dcterms="http://purl.org/dc/terms/" xmlns:xsi="http://www.w3.org/2001/XMLSchema-instance" xmlns:doc="http://www.lyncode.com/xoai" xsi:schemaLocation="http://www.loc.gov/MARC21/slim http://www.loc.gov/standards/marcxml/schema/MARC21slim.xsd">
   <leader>00925njm 22002777a 4500</leader>
   <datafield ind2=" " ind1=" " tag="042">
      <subfield code="a">dc</subfield>
   </datafield>
   <datafield ind2=" " ind1=" " tag="720">
      <subfield code="a">Colasanti, Valentina</subfield>
      <subfield code="e">author</subfield>
   </datafield>
   <datafield ind2=" " ind1=" " tag="260">
      <subfield code="c">2023</subfield>
   </datafield>
   <datafield ind2=" " ind1=" " tag="520">
      <subfield code="a">Acknowledgements. This research has been funded by the the Trinity Long Room Hub Arts and Humanities Research Institute within the research project Gestural Grammar: Investigating Gestures in Southern Italy (GestuGram; PI: Colasanti).</subfield>
   </datafield>
   <datafield ind2=" " ind1=" " tag="520">
      <subfield code="a">Gesture has been a topic of recent interest in formal linguistics, especially with respectto its pragmatic and semantic properties (Lascarides &amp; Stone 2009a,b; Ebert &amp; Ebert2014; Schlenker 2018; Esipova 2019a). There is emerging consensus within this literaturethat the meaning of certain gestures is integrated into the semantic content of the utter-ances they co-occur with (as co-speech gestures). This would follow straightforwardly ifsuch gestures were in fact morphemes, meaning they have syntactic status as well (Jouit-teau 2004, 2007; Sailor &amp; Colasanti 2020). This paper provides additional support forthis hypothesis, involving the conventionalised co-speech gesture RING-FOCUS (Kendon1995:268-274) in Lancianese, a southern Italo-Romance language. On the basis of origi-nal experimental fieldwork, I argue that RING-FOCUS is a gestural morpheme associatedwith information-structural focus: it arises in focus contexts, temporally aligned with thefocalised constituent. I argue that the RING-FOCUS morpheme is simply a focus marker(of the sort found in Gungbe, Malay, etc.), albeit one whose PF realisation happens to begestural rather than spoken.</subfield>
   </datafield>
   <datafield tag="653" ind2=" " ind1=" ">
      <subfield code="a">Super Linguistics</subfield>
   </datafield>
   <datafield tag="653" ind2=" " ind1=" ">
      <subfield code="a">Italo-Romance</subfield>
   </datafield>
   <datafield tag="653" ind2=" " ind1=" ">
      <subfield code="a">Gesture</subfield>
   </datafield>
   <datafield tag="653" ind2=" " ind1=" ">
      <subfield code="a">Focus markers</subfield>
   </datafield>
   <datafield tag="653" ind2=" " ind1=" ">
      <subfield code="a">Syntax</subfield>
   </datafield>
   <datafield tag="653" ind2=" " ind1=" ">
      <subfield code="a">Visual-gestural modality</subfield>
   </datafield>
   <datafield ind2="0" ind1="0" tag="245">
      <subfield code="a">Gestural focus marking in Italo-Romance</subfield>
   </datafield>
</record></metadata></record></GetRecord></OAI-PMH>